00538 2200217 4500001002100000005001500021035002000036007000300056008004100059020002200100082001100122084001700133100001800150245005000168250001000218260003100228300002100259650001900280990001000299990001100309INLIS00000000000015320170912111249 a0010-0917000139ta170912 0 ind  a978-979-769-498-2 a297.61 a297.61 ALA f0 aAlaiddin Koto1 aFilsafat Hukum Islam /cProf.Dr.Alaiddin Koto aCet.2 aJakarta :bRajawali,c2013 a204 hlm ;c21 cm aFikih-Filsafat a15502 a15502a